| 000 | 00000nam##2200000za#4500 |
| 001 | 9.599032 |
| 003 | CaOODSP |
| 005 | 20210624204849 |
| 007 | cr ||||||||||| |
| 008 | 150406|1999||||xxc|||||o f|0| 0 fre|d |
| 040 | |aCaOODSP|bfre |
| 043 | |an-cn--- |
| 086 | 1 |aBT31-2/2000-III-12F-PDF |
| 110 | 1 |aCanada. |bConseil du trésor. |
| 245 | 10|aCommission de l'immigration et du statut de réfugié, budget des dépenses 1999-2000, un rapport sur les plans et les priorités, approuvé |h[ressource électronique] |
| 260 | |bSecrétariat du Conseil du Trésor du Canada |c[1999]. |
| 300 | |a36p.|bgraphiques, organigramme, tableaux, index |
| 490 | 1 |aBudget des dépenses 1999-2000. Partie III, Rapport sur les plans et les priorités |v1999-2000 |
| 590 | |a10-08-Supp|b2010-10-06 |
| 775 | 08|tImmigration and Refugee Board, 1999-2000 estimates, a report on plans and priorities, approved |w(CaOODSP)9.567703 |
| 776 | 0#|tImmigration and Refugee Board |w(CaOODSP)9.531598 |
| 776 | 0#|tCommission de l'immigration et du statut de réfugié |w(CaOODSP)9.531599 |
| 830 | #0|aBudget des dépenses 1999-2000. Partie III, Rapport sur les plans et les priorités ;|v1999-2000|w(CaOODSP)9.502119 |
| 856 | 40|ahttp://publications.gc.ca|qPDF|s134 Ko|uhttps://publications.gc.ca/collections/Collection/BT31-2-2000-III-12F.pdf|y1999-2000 |